Weissflog s víťazstvom, rekordom i v žltom Úvod 42. ročníka Interšportturné skokanov na lyžiach v Oberstdorfe:

Bibliographic Details
Main Author: (t-sou) (Author)
Format: Article
Language:Slovak
Subjects:

MARC

LEADER 00000nab a2200000 a 4500
001 vtls000502260
003 SK-MaSNL
005 20260303224931.0
008 120927c1993 xo 0 slo
015 |a SNBRB19rr/mm-uuuuu 
035 |a CL0502398 
040 |a SNKBUCL  |b slo  |c SNKBUCL  |e AACR2 
041 0 |a slo 
044 |a xo  |c SK 
080 |a 796.925.093.1  |2 1981 
100 1 |a (t-sou)  |4 aut  |9 838784 
245 1 0 |a Weissflog s víťazstvom, rekordom i v žltom  |b Úvod 42. ročníka Interšportturné skokanov na lyžiach v Oberstdorfe:  |c (t-sou) 
650 0 7 |a skoky na lyžiach  |2 snkbucl  |9 3257 
650 0 7 |a Interšportturné 1993, Oberstdorf (súťaž v skokoch na lyžiach medzinár.)  |2 snkbucl  |9 1261166 
655 7 |a články z novín a časopisov  |2 snkbucl  |9 267496 
773 0 |t Šport  |g Roč. 47, č. 304 (31. 12. 1993), s. 5 
850 |a Slovenská národná knižnica v Martine  |a MTA001 
852 |a SNK  |b KIS3GCP 
958 |a RK 
992 |a RBX 
999 |c 2254792  |d 2256722